000 00317nam a2200133Ia 4500
008 240624s9999 xx 000 0 und d
041 _aeng
082 _a005.19 MIL
100 _aMILETIC DARKO
245 _aMOODLE SECURITY
260 _c2011
_aBirmingham
_bPackt Publishing
300 _a185 : p.
365 _cBPS
_b20
999 _c17818
_d17818